CHOLESTERIN V SERU KREVNÍM STARŠÍCH LIDÍ

Bibliographic Details
Main Author: Mělka, Jaroslav, 1904-1992 (Author)
Format: Article
Language:Czech

MARC

LEADER 00000nab a2200000ua 4500
001 vtls010777329
003 SK-MaSNL
005 20260303123418.0
008 230214s xo |||||||||||||||||cze|
035 |a (urnnbn)urn:nbn:sk:snk:ar-a034k0 
035 |a (uuid)8491b5a0-c3cf-4f80-8aee-74270fdc5b6f 
035 |a urn:nbn:sk:snk-ab537d 
040 |a SNKBUCL  |b slo  |c SNKBUCL  |e AACR2 
041 0 |a cze 
044 |a xo  |c SK 
100 1 |a Mělka, Jaroslav,  |d 1904-1992  |4 aut  |9 212344 
245 1 0 |a CHOLESTERIN V SERU KREVNÍM STARŠÍCH LIDÍ  |c Jaroslav Mělka 
773 0 |t Bratislavské lekárske listy  |g Roč. 6, č. 5 (1926-1927), s. 296-299 
954 |a odborná, vedecká literatúra cudzojazyčná (svetová)  |2 lita 
958 |a OND 
958 |a EUIPO 
958 |a article3 
999 |c 1925763  |d 1927693